How To Export and Import (Record no. 154958)

MARC details
000 -LEADER
fixed length control field 00414nam a22001457a 4500
005 - DATE AND TIME OF LATEST TRANSACTION
control field 20181204174353.0
020 ## - INTERNATIONAL STANDARD BOOK NUMBER
International Standard Book Number 8183820182
Terms of availability 95.00
035 ## - SYSTEM CONTROL NUMBER
System control number B-218966 B-218998, B-218990
082 ## - DEWEY DECIMAL CLASSIFICATION NUMBER
Classification number 382.6
100 ## - MAIN ENTRY--PERSONAL NAME
Personal name Allen,Michael E.
245 ## - TITLE STATEMENT
Title How To Export and Import
Statement of responsibility, etc by Michael E. Allen
260 ## - PUBLICATION, DISTRIBUTION, ETC. (IMPRINT)
Place of publication, distribution, etc New Delhi
Name of publisher, distributor, etc Lotus Press
Date of publication, distribution, etc 2006
300 ## - PHYSICAL DESCRIPTION
Extent 120p.;
Dimensions 20cm
942 ## - ADDED ENTRY ELEMENTS (KOHA)
Source of classification or shelving scheme Dewey Decimal Classification
Item type English Books
Classification part 382.6
Call number suffix ALL
Holdings
Withdrawn status Lost status Not for loan Collection code Home library Current library Date acquired Source of acquisition Cost, normal purchase price Full call number Barcode Cost, replacement price Koha item type
      Non-fiction Patel Nagar Patel Nagar 27/07/2018 BPPD/PUB 95.00 382.6 ALL B-218966 95.00 English Books
      Non-fiction R.C.Libraries (zls) R.C.Libraries (zls) 17/11/2018   95.00 382.6 ALL B-218998 95.00 English Books
      Non-fiction Sarojini Nagar Sarojini Nagar 11/02/2019     382.6 ALL B-218995   English Books
      Non-fiction Sarojini Nagar Sarojini Nagar 11/02/2019     382.6 ALL B-218997   English Books
      Non-fiction Sarojini Nagar Sarojini Nagar 07/03/2019     382.6 ALL B-218977   English Books
      Non-fiction Sarojini Nagar Sarojini Nagar 07/03/2019     382.6 ALL B-218996   English Books
      Non-fiction Sarojini Nagar Sarojini Nagar 07/03/2019     382.6 ALL B-218973   English Books
      Non-fiction Vigyan Vihar Vigyan Vihar 04/12/2018 BPPD/PUB 95.00 382.6 ALL B-218990 95.00 English Books

© Delhi Public Library
Hit Counter
free hit counter